Panduan membaca al-Quran dalam solat (Record no. 95473)

MARC details
000 -LEADER
fixed length control field 00675nam a2200241 i 4500
001 - CONTROL NUMBER
control field C2-0290204
003 - CONTROL NUMBER IDENTIFIER
control field PPAK
005 - DATE AND TIME OF LATEST TRANSACTION
control field 20180728022749.0
008 - FIXED-LENGTH DATA ELEMENTS--GENERAL INFORMATION
fixed length control field 080925s2006 my |||| ||||| | may d
020 ## - INTERNATIONAL STANDARD BOOK NUMBER
International Standard Book Number 9833171257
040 ## - CATALOGING SOURCE
Original cataloging agency PPAK
Language of cataloging eng
Transcribing agency PPAK
Description conventions rda
082 04 - DEWEY DECIMAL CLASSIFICATION NUMBER
Classification number 297.3822
Edition number 23
090 00 - LOCALLY ASSIGNED LC-TYPE CALL NUMBER (OCLC); LOCAL CALL NUMBER (RLIN)
Classification number (OCLC) (R) ; Classification number, CALL (RLIN) (NR) 297.3822
Feature heading PAN
Feature heading G
245 00 - TITLE STATEMENT
Title Panduan membaca al-Quran dalam solat
264 #1 - PRODUCTION, PUBLICATION, DISTRIBUTION, MANUFACTURE, AND COPYRIGHT NOTICE
Place of production, publication, distribution, manufacture Johor Bahru, Johor :
Name of producer, publisher, distributor, manufacturer Progressive Publishing House ,
Date of production, publication, distribution, manufacture, or copyright notice 2006
300 ## - PHYSICAL DESCRIPTION
Extent vi, 218 pages ;
Dimensions 19 cm
336 ## - CONTENT TYPE
Source rdacontent
Content type term text
337 ## - MEDIA TYPE
Source rdamedia
Media type term unmediated
338 ## - CARRIER TYPE
Source rdacarrier
Carrier type term volume
650 10 - SUBJECT ADDED ENTRY--TOPICAL TERM
Topical term or geographic name entry element Prayer (Islam).
700 0# - ADDED ENTRY--PERSONAL NAME
Personal name Ahmad Muhammad,
Relator term compile
942 ## - ADDED ENTRY ELEMENTS (KOHA)
-- dc
Koha item type Book
Holdings
Withdrawn Not for loan Current library Shelving location Date acquired Full call number Barcode Date last seen Koha item type Total Checkouts Date last checked out
    Perpustakaan Baling Pinjaman Dewasa 11/02/2009 297.3822 PAN A01272257 29/01/2020 Book 1 07/01/2020
    Perpustakaan Jitra Pinjaman Dewasa 11/02/2009 297.3822 PAN A01272255 09/05/2018 Book    
    Perpustakaan Kulim Pinjaman Dewasa 11/02/2009 297.3822 PAN A01272256 09/05/2018 Book    
    Perpustakaan Langkawi Pinjaman Dewasa 11/02/2009 297.3822 PAN A01272258 09/05/2018 Book    
    Perpustakaan Pendang Pinjaman Dewasa 13/10/2008 297.3822 PAN A01257243 09/05/2018 Book